Derecho procesal penal /
Obra sobre el ejercicio de la acción penal, que aborda tanto los conceptos preliminares como el sobreseimiento del propio procedimiento. Ofrece el autor, al mismo tiempo, un recorrido histórico por el derecho procesal penal mexiano; la explicación inicia con las leyes españolas penales que rigieron...
Gardado en:
| Autor Principal: | |
|---|---|
| Formato: | Libro |
| Idioma: | Lingua castelá |
| Publicado: |
México :
McGraw-Hill,
1999, c1999
|
| Series: | (Jurídica)
|
| Temas: | |
| Etiquetas: |
Sen Etiquetas, Sexa o primeiro en etiquetar este rexistro!
|
MARC
| LEADER | 00000nam^a2200000^a^4500 | ||
|---|---|---|---|
| 001 | 000109712 | ||
| 005 | 20250521000000.0 | ||
| 009 | 20260526122457.808 | ||
| 020 | |a 970-10-2497-4 | ||
| 037 | |a Acervo ITESO - Biblioteca | ||
| 041 | |a ESP | ||
| 082 | |a 345. 7205 |b BAR | ||
| 100 | |a Barragán Salvatierra, Carlos |e (autor) | ||
| 245 | 1 | 0 | |a Derecho procesal penal / |c C. Barragán Salvatierra ; pról. de Máximo Carvajal Contreras. |
| 264 | 4 | |a México : |b McGraw-Hill, |c 1999, c1999 | |
| 300 | |a XV, 580 p. | ||
| 336 | |a texto |b txt |2 rdacontenido | ||
| 337 | |a sin mediación |b n |2 rdamedio | ||
| 338 | |a volumen |b nc |2 rdasoporte | ||
| 440 | 1 | |a (Jurídica) | |
| 520 | |a Obra sobre el ejercicio de la acción penal, que aborda tanto los conceptos preliminares como el sobreseimiento del propio procedimiento. Ofrece el autor, al mismo tiempo, un recorrido histórico por el derecho procesal penal mexiano; la explicación inicia con las leyes españolas penales que rigieron en el país desde 1812, hasta las reformas en 1995 de la ley Federal de Responsabilidad de Servidores Públicos. | ||
| 649 | |a XX | ||
| 650 | |a Derecho Penal - |z México - |x Historia | ||
| 650 | |a Derecho Procesal Penal - |z México | ||
| 650 | |a Derecho Procesal - |z México | ||
| 650 | |a Derecho Público | ||
| 910 | |a Fondo General | ||
| 920 | |a Impresos - Libros | ||
| 930 | |a Colección General | ||
| 905 | |a 101 | ||
| 901 | |a 0500046098 |b IT1 |c ACC |u 20250521 | ||
| 902 | |a https://opac.biblio.iteso.mx/vufind/Record/000109712 | ||